| 000 | 00613nam a2200217Ia 4500 | ||
|---|---|---|---|
| 003 | GCL | ||
| 008 | 140319s9999 xx 000 0 ara d | ||
| 040 |
_aGCL / _cGCL |
||
| 082 | 0 | 4 |
_a355.65 _bف ع |
| 100 | 1 | _aفؤاد محمد شبل | |
| 245 | 1 | 0 |
_aعصب الحرب / _cفؤاد محمد شبل |
| 300 | _a184 ص | ||
| 490 | _a | ||
| 650 | 0 | 4 | _aمصر |
| 650 | 0 | 4 | _aالدفاع المدنى |
| 650 | 0 | 4 | _aالاحوال الاقتصادية |
| 650 | 0 | 4 | _aالحرب والمجتمع |
| 650 | 0 | 4 | _aالتموين |
| 650 | 0 | 4 | _aالحرب العالمية الثانية 1939 - 1945 |
| 942 |
_2ddc _cBK |
||
| 999 |
_c45215 _d45215 |
||